000 00413nam a2200157Ia 4500
008 210716s2009 xx 000 0 und d
020 _a9788131726075
041 _aeng
082 _a004.65 MOLA
100 _aMoller, Anders; Schwartzbach, Michael I.
245 _aIntroduction to XML and web technologies.
250 _a1
260 _aNew Delhi
_bPearson Education
_c2009
300 _a564
650 _aNone
999 _c189617
_d189617